[Event "1. Bamberg-Open 2018"]
[Site "Bamberg"]
[Date "2018.05.13"]
[Round "7"]
[White "Chatalbashev, Boris"]
[Black "Paehtz, Thomas"]
[Result "1-0"]
[WhiteElo "2561"]
[BlackElo "2353"]
[Annotator "TA"]
[PlyCount "65"]
[EventDate "2018.??.??"]
[EventType "swiss"]
[EventCountry "GER"]
[SourceTitle "playchess.com"]
[Source "ChessBase"]
[SourceQuality "1"]

{[%evp 20,65,38,37,66,54,71,70,82,82,80,77,78,81,110,82,99,72,81,80,148,147,173,157,163,148,164,115,169,191,177,109,110,94,103,99,153,84,118,114,110,85,101,84,492,368,724,722]} 1. d4 Nf6 2. c4 g6 3. Nc3 Bg7 4. e4 d6 5. Be2 O-O 6. Bg5 c5 7. d5 e6 8. Qd2 exd5 9. exd5 a6 10. Nf3 Re8 {E75: King's Indian: Averbakh Variation: 6...c5 7 d5 e6} 11. O-O {LiveBook: 8 Games} Qe7 12. h3 Qf8 {White is slightly better.} 13. Bd3 h6 14. Bf4 Nbd7 $146 ({Predecessor:} 14... g5 15. Bh2 g4 16. hxg4 Nxg4 17. Rae1 Rxe1 18. Rxe1 Nxh2 19. Kxh2 {1-0 (31) Raetsky,A (2465)-Demeter,P (2335) Katowice 1993}) 15. Rae1 Rxe1 16. Rxe1 {[%cal Bf1e1,Be1e2,Be2e7][%mdl 32]} Ne8 17. Re2 Ndf6 18. Qe1 Bd7 19. a4 {[%cal Ba2a4,Ba4a5][%mdl 32]} Kh7 (19... b6 $142) 20. Re7 $16 Rd8 21. a5 Ng8 22. Re3 Nef6 23. Ne2 Re8 {[#]} (23... Bc8 $16 24. Ng3 Nd7) 24. b4 $1 $18 Rxe3 25. Bxe3 ({White should try} 25. fxe3 $18 {aiming for bxc5.} Nh5 26. bxc5 Nxf4 27. Nxf4 (27. exf4 dxc5 28. Qb1 Bc8 $16)) 25... cxb4 $16 26. Qxb4 Bc8 27. h4 Qd8 (27... Qe7 $142) 28. Nf4 (28. Ng3 $142) 28... Kh8 29. Bb6 Qd7 30. c5 $36 {[%mdl 2048] Keeping Black busy.} dxc5 31. Qxc5 {Threatens to win with Ne5.} Ne7 $2 {[%mdl 8192]} (31... Ng4 $16 {is tougher.}) 32. Ne5 $1 $18 {[%csl LRd7,LRf7]} Qe8 $2 {[#]} (32... Qa4 33. Qxe7 Qxf4) 33. Qxe7 $1 {[%mdl 512] Precision: White = 68%, Black = 42%.} 1-0

[Event "1. Bamberg-Open 2018"]
[Site "Bamberg"]
[Date "2018.05.13"]
[Round "7"]
[White "Kunin, Vitaly"]
[Black "Scholz, Christian"]
[Result "1-0"]
[WhiteElo "2545"]
[BlackElo "2388"]
[Annotator "TA"]
[PlyCount "69"]
[EventDate "2018.??.??"]
[EventType "swiss"]
[EventCountry "GER"]
[SourceTitle "playchess.com"]
[Source "ChessBase"]
[SourceQuality "1"]

{[%evp 20,69,52,51,61,66,72,94,88,22,62,31,65,61,62,62,72,70,83,31,36,16,115,121,131,52,48,41,39,27,30,45,835,820,811,741,700,611,876,841,868,833,862,735,716,623,749,733,29984,29985,29988,29989]} 1. d4 Nf6 2. c4 g6 3. Nc3 Bg7 4. e4 d6 5. Nge2 O-O 6. Ng3 h5 7. Be2 {E70: King's Indian: Miscellaneous lines with 4 e4, including 5 Nge2 and 5 Bd3 0-0 6 Nge2} c5 8. d5 e6 9. Bg5 exd5 10. cxd5 a6 11. a4 {LiveBook: 32 Games} Qc7 12. Qd2 Re8 (12... Nbd7 13. O-O Rb8 14. f4 Nh7 15. Bh4 c4 16. Kh1 b5 17. axb5 axb5 18. b4 {1-0 (36) Le,Q (2736)-Sivuk,V (2526) Hanoi 2018}) 13. O-O Nbd7 14. Rac1 $146 (14. f4 $16) ({Predecessor:} 14. f4 Nh7 15. Bh4 Rb8 16. Kh1 c4 17. Rae1 b5 18. axb5 axb5 19. e5 dxe5 {0-1 (67) Derjabin,I (2360)-Krylov,M (2476) Sochi 2017}) 14... Rb8 15. f3 c4 16. Be3 b5 17. axb5 axb5 {[#]} 18. b4 $1 Ne5 19. h3 (19. Nh1 $16) 19... h4 $14 20. Nh1 Nh7 {[#]} (20... Nh5 $11) 21. f4 $1 $16 {[%cal Rf4e5]} Nd3 22. Nxb5 (22. Bxd3 $16 {aiming for Nxb5!} cxd3 23. Nf2 (23. Qxd3 Qc4 $11)) 22... Qd7 $1 $14 {[%cal Rd7b5]} 23. Rxc4 Ba6 24. Nc7 Bxc4 25. Nxe8 Nb2 $2 {[%mdl 8192]} (25... Qxe8 $14 26. Bxd3 Bxd3 27. Qxd3 Rxb4) 26. Nxg7 $18 Bxe2 27. Qxe2 Rxb4 28. Rb1 Kxg7 29. Rxb2 Rxe4 30. Nf2 Re7 31. Bd4+ f6 32. Qg4 Re1+ 33. Kh2 Qf7 34. Qxh4 Qxd5 35. Ng4 {Precision: White = 60%, Black = 32%.} 1-0

[Event "1. Bamberg-Open 2018"]
[Site "Bamberg"]
[Date "2018.05.13"]
[Round "7"]
[White "Noe, Christopher"]
[Black "Troyke, Christian"]
[Result "1-0"]
[WhiteElo "2518"]
[BlackElo "2342"]
[Annotator "TA"]
[PlyCount "101"]
[EventDate "2018.??.??"]
[EventType "swiss"]
[EventCountry "GER"]
[SourceTitle "playchess.com"]
[Source "ChessBase"]
[SourceQuality "1"]

{[%evp 21,101,14,5,-2,25,25,23,-34,29,33,25,9,2,13,18,21,16,10,112,116,125,95,100,96,142,136,156,156,149,140,233,103,96,0,230,149,134,8,12,10,59,71,59,91,179,142,142,142,142,142,293,293,293,283,291,289,273,253,495,473,334,43,41,41,39,41,545,510,5112,4681,1134,1054,29963,29966,29965,29966,29973,29971,29976,29977,29977,29977]} 1. d4 Nf6 2. c4 g6 3. f3 Bg7 4. e4 d6 5. Be3 O-O 6. Nc3 c5 7. dxc5 dxc5 8. Qxd8 Rxd8 9. Bxc5 Nc6 10. Nge2 b6 11. Ba3 Bb7 {LiveBook: 21 Games. E81: King's Indian: Sämisch: 6th move deviations (including 6 Be3 c6)} 12. Nc1 $146 ({Predecessor:} 12. Rd1 Nd7 13. Nd5 Nde5 14. Nec3 e6 15. Ne7+ Nxe7 16. Bxe7 Rdc8 17. c5 bxc5 18. Be2 c4 19. Bd6 {0-1 (69) Mchedlishvili,M (2618)-Bacrot,E (2720) Tromsoe 2014}) 12... e6 13. Nb3 Nh5 {White has an edge.} 14. c5 (14. g3 $11) 14... f5 ({Better is} 14... Nf4 $15) 15. Nb5 fxe4 16. Nd6 Rxd6 17. cxd6 exf3 18. gxf3 Ne5 19. Nd4 Bh6 (19... Nf4 $11 {remains equal.}) 20. Kf2 $16 (20. Nxe6 Bxf3 21. Rg1 Re8 $17) 20... Bd5 21. Re1 Bg7 {Threatens to win with ...Ng4+!} 22. Rd1 Rf8 {[#]} 23. d7 $1 Rd8 (23... Nxd7 24. Bxf8) 24. Bb5 Bf6 25. Bd6 Bh4+ (25... Nxd7 $16 {keeps fighting.} 26. Nc6 Rc8) 26. Ke3 (26. Kg2 $1 $18 {and White stays clearly on top.} Nf4+ 27. Kf1 Nxf3 28. Nxe6 (28. Bxf4 Nxd4 29. Rxd4 Bxh1 $16) 28... Bxe6 29. Bxf4) 26... Bg5+ {[#]} 27. Kf2 (27. Ke2 $1 $16 Nxd7 28. Rhg1) 27... Bh4+ $1 $18 28. Ke2 Nxd7 29. Bxd7 (29. Bc7 $16 Rc8 30. Bd6 (30. Bxd7 Rxc7 31. Ba4 Nf4+ 32. Ke3 Ng2+ 33. Kd3 Bc4+ 34. Ke4 Rf7 $17)) 29... Rxd7 $11 30. Be5 Bxa2 31. b3 $36 {[%mdl 2048] White is in control.} Rd5 32. f4 {Black must now prevent Rd2.} g5 (32... Bf6 $16) 33. Nf3 Bxb3 34. Rxd5 Bxd5 35. fxg5 Kf7 $2 {[#]} (35... h6 $16 36. Ra1 (36. gxh6 Bf6 $16) 36... Bxf3+ 37. Kxf3 Bxg5 38. Rxa7 b5) 36. Rg1 $1 $18 Bxf3+ 37. Kxf3 {[%mdl 4096] Endgame KRB-KBN} Kg6 38. Rg4 Be1 39. h4 h6 $2 (39... Bd2 {was necessary.} 40. Re4 Kf5) 40. gxh6+ Kxh6 41. Rg8 $2 (41. Bb2 $18) 41... Bxh4 $14 42. Rh8+ Kg5 43. Bc3 {And now Bd2+ would win.} Bg3 $2 {[%mdl 8192]} ({Black should try} 43... e5 $14) 44. Bd2+ $18 Bf4 (44... Kh4 $142 45. Rh7 e5) 45. Rg8+ Kf5 46. Bxf4 Nxf4 47. Rf8+ {White mates.} Ke5 48. Rxf4 b5 49. Ke3 a5 50. Rd4 b4 51. Rd8 {Precision: White = 52%, Black = 25%.} 1-0

[Event "1. Bamberg-Open 2018"]
[Site "Bamberg"]
[Date "2018.05.13"]
[Round "7"]
[White "Karpatchev, Aleksandr"]
[Black "Mons, Leon"]
[Result "1/2-1/2"]
[WhiteElo "2463"]
[BlackElo "2551"]
[Annotator "TA"]
[PlyCount "34"]
[EventDate "2018.??.??"]
[EventType "swiss"]
[EventCountry "GER"]
[SourceTitle "playchess.com"]
[Source "ChessBase"]
[SourceQuality "1"]

{[%evp 24,25,0,0]} 1. e4 e5 2. Nf3 Nc6 3. Nc3 Nf6 4. d4 exd4 5. Nxd4 Bb4 6. Nxc6 bxc6 7. Bd3 d5 8. exd5 O-O 9. O-O cxd5 10. h3 {C47: Scotch Four Knights and Four Knights with 4 g3} c6 11. Qf3 Re8 12. Bf4 (12. Bg5 Bd6 13. Rfe1 Rxe1+ 14. Rxe1 Bd7 15. Bf4 Qb8 16. Bxd6 Qxd6 17. b3 c5 {½-½ (48) Morozevich,A (2665)-Kramnik,V (2800) Moscow 2018}) 12... Bd6 13. Rfe1 {[#] LiveBook: 55 Games} {Predecessor:} Be6 $146 14. Ne2 Qc7 15. Rad1 Rab8 16. b3 Bd7 17. Bxd6 Qxd6 {½-½ (36) Saric,I (2618)-Rodshtein,M (2698) Minsk 2017} 1/2-1/2

[Event "1. Bamberg-Open 2018"]
[Site "Bamberg"]
[Date "2018.05.13"]
[Round "7"]
[White "Vogel, Roven"]
[Black "Thrish Karthik"]
[Result "1-0"]
[WhiteElo "2449"]
[BlackElo "1842"]
[Annotator "TA"]
[PlyCount "55"]
[EventDate "2018.??.??"]
[EventType "swiss"]
[EventCountry "GER"]
[SourceTitle "playchess.com"]
[Source "ChessBase"]
[SourceQuality "1"]

{[%evp 13,55,-5,17,16,33,12,8,7,47,56,90,31,45,34,82,80,81,81,75,69,105,107,143,110,114,95,150,119,92,87,245,248,419,415,1273,1106,996,993,1989,1879,1540,1525,2285,2197]} 1. d4 Nf6 2. c4 g6 3. Nc3 Bg7 4. Nf3 O-O 5. Bg5 c5 6. e3 cxd4 7. exd4 d6 {LiveBook: 12 Games. E61: King's Indian: Early deviations for White, including Smyslov System} (7... d5 8. Bxf6 exf6 9. cxd5 Nd7 10. Be2 Nb6 11. Qb3 a5 12. a4 Qd6 13. O-O Qb4 14. Qa2 Bf5 15. Rfe1 Rac8 16. h3 Bh6 17. g4 Bd7 18. Ne4 Bg7 19. Nc5 {½-½ (46) Nyzhnyk,I (2594)-Cori Tello,J (2657) Saint Louis 2017}) 8. h3 b6 9. Bd3 Bb7 {The position is equal.} 10. O-O Nbd7 11. d5 $146 ({Predecessor:} 11. Qe2 Re8 12. Rae1 h6 13. Bf4 e5 14. dxe5 dxe5 15. Nxe5 Nxe5 16. Bxe5 Rxe5 17. Qxe5 Qxd3 {0-1 (24) Seidl,M-Piccolo,A Brazil CXEB 1995}) 11... h6 12. Bh4 (12. Be3 $16) 12... Ne5 13. Nd4 Nh5 14. f4 Nxd3 15. Qxd3 Qd7 16. Rae1 Rae8 {[#]} 17. g4 $1 $36 {[%cal Rg4h5][%mdl 2048] White is in control.} Nf6 18. f5 g5 19. Bf2 Bc8 ({Better is} 19... Qc7) 20. Ne6 fxe6 21. fxe6 Qb7 $2 {[#]} (21... Qd8 $16 {was called for.}) 22. Bd4 $1 $18 a6 $2 (22... b5 {is a better defense.}) 23. Qg6 Rd8 (23... Qc7 $142 24. Ne4 Kh8) 24. Bxf6 {White is clearly winning.} exf6 25. e7 Rde8 26. exf8=Q+ Rxf8 27. Ne4 {[%cal Re4f6]} f5 28. Nxd6 {Precision: White = 62%, Black = 16%.} 1-0

[Event "1. Bamberg-Open 2018"]
[Site "Bamberg"]
[Date "2018.05.13"]
[Round "7"]
[White "Keymer, Vincent"]
[Black "Danin, Alexandre"]
[Result "1/2-1/2"]
[WhiteElo "2443"]
[BlackElo "2537"]
[Annotator "TA"]
[PlyCount "97"]
[EventDate "2018.??.??"]
[EventType "swiss"]
[EventCountry "GER"]
[SourceTitle "playchess.com"]
[Source "ChessBase"]
[SourceQuality "1"]

{[%evp 22,97,71,33,47,42,49,6,5,12,23,7,6,0,21,21,21,24,43,15,19,18,27,22,28,20,35,34,36,40,32,0,49,15,10,-67,0,-6,0,-16,0,0,0,0,0,0,0,0,0,0,0,0,0,0,0,0,0,0,0,0,14,0,0,0,0,0,0,0,0,-64,-80,-106,0,0,0,-72,0,0]} 1. c4 c5 2. Nf3 Nf6 3. d4 cxd4 4. Nxd4 Nc6 5. Nc3 g6 6. e4 d6 7. Be2 Nxd4 8. Qxd4 Bg7 9. Be3 O-O 10. Qd2 a5 {B36: Sicilian: Maroczy Bind: Gurgenidze System} 11. O-O (11. Rd1 a4 12. O-O Be6 13. Bd4 Qa5 14. Qe3 Nd7 15. f4 Rac8 16. b3 axb3 17. axb3 Bxd4 18. Rxd4 {1-0 (58) Harikrishna,P (2744)-Mamedov,R (2709) Huaian 2017}) 11... a4 12. Rac1 {LiveBook: 59 Games} Bd7 {White is slightly better.} 13. f3 Bc6 14. b4 $146 ({Predecessor:} 14. Nd5 Nd7 15. Bd4 Bxd5 16. cxd5 Nc5 17. Bxg7 Kxg7 18. Qd4+ {½-½ (26) Bjelicic,J (2141)-Leroy,D (2282) Split 2011}) 14... axb3 $1 15. axb3 Qa5 $1 16. Rfd1 Rfc8 17. Rc2 Qa3 18. Rb1 Qb4 19. Qc1 Nd7 20. Bd2 Qb6+ 21. Kh1 Nc5 22. Be3 Qd8 23. b4 Ne6 24. Qd2 Ra3 25. Rbc1 Rca8 26. Nd5 h5 (26... Ba4 $5 {[%cal Ra4c2]} 27. Bb6 Qf8 $11) 27. g3 Kh7 28. Kg2 (28. b5 $11 Bd7 29. Bb6) 28... Rb3 (28... Qh8 $15) 29. Bf2 Rba3 30. f4 {[%cal Bf3f4,Bf4f5,Bf5e6][%mdl 32]} Qh8 31. b5 Bxd5 $1 32. Qxd5 {aiming for f5.} Bd4 33. f5 Bxf2 34. fxe6 Be3 35. Rf1 f6 36. Qxb7 R8a7 37. Qd5 $1 Ra2 38. Bd3 Rxc2+ 39. Bxc2 Ra2 $36 {[%mdl 2048] Black is pushing.} 40. Qd3 Bc5 {[#]} 41. e5 $1 {[%csl Gc2][%cal Rd3g6][%mdl 512]} f5 $1 (41... dxe5 42. Qxg6#) 42. exd6 Qb2 $1 {[%cal Rb2c2]} (42... exd6 43. Rxf5 $1 {[%mdl 512]} Rxc2+ 44. Qxc2 $18) 43. Rf2 {And now d7 would win.} Bxd6 ({Wrong is} 43... Bxf2 $2 44. dxe7 Ra8 45. Kxf2 $16) 44. Re2 Qc1 {White must now prevent ...Ra1.} 45. Bd1 (45. Qd1 $11 Qa3 46. Qd4) 45... Ra1 $15 {[%mdl 1024] Black has compensation.} 46. Re1 Ra2+ 47. Re2 Ra1 48. Re1 $1 {[#]} ({Much weaker is} 48. Rd2 Bb4 $17) 48... Ra2+ ({Black should try} 48... h4 $1 $17 {[%mdl 512]} 49. Qd4 (49. gxh4 Qf4) 49... hxg3 50. hxg3 Ra2+ 51. Re2 Ra3) 49. Re2 {Precision: White = 47%, Black = 60%.} 1/2-1/2

[Event "1. Bamberg-Open 2018"]
[Site "Bamberg"]
[Date "2018.05.13"]
[Round "7"]
[White "Mazur, Stefan"]
[Black "Donchenko, Alexander"]
[Result "1/2-1/2"]
[WhiteElo "2413"]
[BlackElo "2587"]
[Annotator "TA"]
[PlyCount "89"]
[EventDate "2018.??.??"]
[EventType "swiss"]
[EventCountry "GER"]
[SourceTitle "playchess.com"]
[Source "ChessBase"]
[SourceQuality "1"]

{[%evp 28,89,-23,-21,0,0,0,0,0,-20,-16,-10,-9,-53,-23,-14,-24,-34,-41,-19,-28,-27,-22,-21,-21,-14,-14,-14,-14,-14,-14,-14,-14,-14,-11,-11,0,0,0,0,0,0,0,0,0,0,0,-8,-8,-8,0,-5,0,0,0,0,0,0,0,0,0,0,0,0]} 1. e4 c6 2. d4 d5 3. Nd2 dxe4 4. Nxe4 Bf5 5. Ng3 Bg6 6. h4 h6 7. Nf3 Nd7 8. h5 Bh7 9. Bd3 Bxd3 10. Qxd3 e6 11. Bd2 Ngf6 12. O-O-O Be7 13. Kb1 Qb6 {B19: Classical Caro-Kann: 4...Bf5 main line} (13... O-O 14. Ne4 c5 15. g4 Nxg4 16. Qe2 Qb6 17. Ne5 Ndxe5 18. dxe5 f5 19. exf6 Nxf6 20. Nc3 Rad8 21. Rhg1 Kh8 22. Rg6 {½-½ (38) Saric,I (2662)-Nisipeanu,L (2672) Heraklio 2017}) 14. c4 O-O 15. Bf4 {LiveBook: 9 Games} a5 16. Ne4 c5 {[#]} 17. Ne5 $146 ({Predecessor:} 17. g4 Nxg4 18. Ne5 Ndxe5 19. dxe5 f5 20. exf6 Bxf6 21. Nxf6+ Rxf6 {½-½ (42) Piorun,K (2528)-Tomczak,J (2554) Poznan 2015}) 17... Rfd8 18. Nxf6+ Bxf6 19. Qg3 $1 cxd4 {And now ...Bxe5 would win.} 20. Ng4 Bg5 (20... e5 $5 21. Bxh6 Qe6 $11) 21. Bxg5 hxg5 22. h6 {[%cal Bh5h6,Bh6h7][%mdl 32] [#] Hoping for hxg7.} Qc5 $1 23. Qf3 {White wants to play hxg7.} Qf5+ 24. Qxf5 exf5 25. Rxd4 {The position is equal.} fxg4 26. h7+ $1 Kh8 27. Rhd1 Rac8 {[#] aiming for ...Rc7.} 28. Rxd7 Rxd7 29. Rxd7 Rxc4 {...f6 is the strong threat.} 30. Rxf7 $11 {[%mdl 4096] Endgame KR-KR} b6 31. Rf5 Kxh7 32. Rxg5 Rf4 33. g3 Rxf2 34. Rxg4 Kh6 35. Rd4 Kh5 36. a4 Rf3 37. Rd6 Rf6 38. Rd4 $1 Re6 39. Ka2 Re5 40. Rd6 b5 41. axb5 Rxb5 42. Ka3 Rg5 43. Ka4 Kg4 44. Ra6 Kxg3 45. Rxa5 {Precision: White = 85%, Black = 61%.} 1/2-1/2

[Event "1. Bamberg-Open 2018"]
[Site "Bamberg"]
[Date "2018.05.13"]
[Round "7"]
[White "Donchenko, Anatoly"]
[Black "Tscharotschkin, Michael"]
[Result "1/2-1/2"]
[WhiteElo "2301"]
[BlackElo "2219"]
[Annotator "TA"]
[PlyCount "124"]
[EventDate "2018.??.??"]
[EventType "swiss"]
[EventCountry "GER"]
[SourceTitle "playchess.com"]
[Source "ChessBase"]
[SourceQuality "1"]

{[%evp 10,124,55,56,57,57,48,9,19,14,21,20,19,8,50,54,57,53,52,47,49,59,66,62,71,71,71,71,71,67,71,71,82,70,83,81,85,68,101,75,75,62,141,139,189,178,172,180,172,171,212,218,209,204,222,208,207,196,217,212,287,214,214,214,214,214,214,214,214,214,214,214,214,214,264,264,385,0,0,0,0,0,0,0,0,0,0,0,0,0,0,0,0,0,0,0,0,0,0,0,206,206,206,0,0,0,0,0,0,0,0,0,0,0,0,0,0]} 1. d4 d5 2. c4 e6 3. Nf3 c6 4. Qc2 f5 5. Bf4 Nf6 6. Nbd2 {[%cal Bb1d2,Bd2f3,Bf3e5][%mdl 32] LiveBook: 6 Games. A84: Dutch Defence: 2 c4 Miscellaneous} Bd6 7. Bxd6 Qxd6 8. Ne5 $146 {White is slightly better.} ({Predecessor:} 8. e3 O-O 9. Bd3 Ne4 10. O-O Nxd2 11. Nxd2 Nd7 12. c5 Qe7 13. f4 Nf6 {½-½ (61) Brenninkmeijer,J (2495)-Klarenbeek,M (2390) Netherlands 1994}) 8... O-O 9. e3 Nbd7 10. Ndf3 Nxe5 11. Nxe5 Bd7 12. c5 Qe7 13. Bd3 $36 {[%mdl 2048] White has some pressure.} Be8 14. O-O Nd7 15. Nxd7 Qxd7 16. f4 Bh5 17. b4 Rfb8 18. a4 a6 19. Rab1 Be8 20. Rb2 Qd8 21. Rfb1 Ra7 22. h3 Kh8 23. Bf1 g5 24. fxg5 Qxg5 25. Qf2 e5 ({Black should try} 25... Bd7 $14) 26. dxe5 $16 Bg6 27. Qf4 Qe7 28. b5 $1 {[%cal Rb5a6]} axb5 29. axb5 Re8 30. bxc6 bxc6 31. Rb8 Ra8 32. Rxa8 Rxa8 33. Qd4 Re8 34. Rb6 Qxe5 35. Kf2 Qxd4 36. exd4 $18 {[%mdl 4096] Endgame KRB-KRB} Re6 37. Bb5 $1 {[%cal Rb5c6]} Be8 38. Bd3 Bg6 39. Rb7 $1 f4 40. Bxg6 hxg6 {KR-KR} 41. Rc7 g5 {[#]} 42. Kf3 $1 Re3+ (42... Re4 $142 43. Rxc6 Kg7) 43. Kf2 $2 (43. Kg4 $18) 43... Rd3 $11 44. Rxc6 {Black must now prevent Rc7.} Kg7 45. Rd6 Rxd4 46. c6 Rc4 47. Rxd5 Kf6 48. Rd6+ Ke5 49. Rg6 Kf5 50. Rh6 Rc2+ 51. Kf3 Ke5 52. Rh5 Rc3+ 53. Ke2 f3+ 54. gxf3 {Threatens to win with Rh6.} Kf4 $2 {[#]} (54... Rc2+ $11 {and Black is okay.} 55. Ke3 Rc3+ 56. Kf2 Kf4) 55. Rh6 $1 $18 {aiming for Kd2.} Ke5 56. Kd2 $2 (56. Rg6 $18) 56... Rxf3 $11 {The position is equal.} 57. c7 Rf8 58. Rg6 Rc8 $1 59. Rxg5+ Kd6 60. Ke3 {Hoping for Kd4.} Rxc7 61. Kf4 Rc4+ 62. Kg3 Ke6 {Precision: White = 73%, Black = 54%.} 1/2-1/2

[Event "1. Bamberg-Open 2018"]
[Site "Bamberg"]
[Date "2018.05.13"]
[Round "7"]
[White "Gegenfurtner, Juergen"]
[Black "Promyshlyanskiy, Vitaliy"]
[Result "1/2-1/2"]
[WhiteElo "2289"]
[BlackElo "2288"]
[Annotator "TA"]
[PlyCount "183"]
[EventDate "2018.??.??"]
[EventType "swiss"]
[EventCountry "GER"]
[SourceTitle "playchess.com"]
[Source "ChessBase"]
[SourceQuality "1"]

{[%evp 13,183,11,26,23,25,25,25,27,55,15,24,0,0,-31,-21,-41,-40,-47,-6,-9,20,10,45,30,34,13,33,19,16,0,56,55,52,58,51,39,56,56,52,77,62,53,67,16,42,23,18,18,29,31,47,46,51,60,48,35,59,43,67,72,83,52,53,56,53,50,32,34,34,25,25,25,25,25,25,25,25,25,25,25,25,25,25,25,25,25,25,25,25,0,25,0,0,0,25,25,25,25,25,25,25,9,24,9,24,24,24,24,24,24,24,24,24,24,24,24,30,30,27,24,24,24,24,24,24,24,24,24,24,24,24,24,24,24,24,24,24,0,24,0,24,11,24,24,24,24,24,0,24,0,0,0,0,0,0,0,0,0,24,24,24,0,0,0,0,0,0,0,0,0,0,0]} 1. e4 e5 2. Nf3 Nc6 3. Nc3 Nf6 4. g3 Bc5 5. Bg2 d6 6. d3 Be6 7. Na4 {C26: Vienna Game: 2...Nf6, sidelines} h6 {LiveBook: 9 Games} (7... Bb6 {feels hotter.} 8. O-O O-O 9. Bd2 h6 10. b4 Qd7) (7... Qe7 8. O-O O-O-O 9. b3 d5 10. Nxc5 Qxc5 11. exd5 Bxd5 12. Bb2 Nd4 13. Bxd4 exd4 14. Qd2 Kb8 {½-½ (36) Biliskov,V (2342)-Stevic,H (2601) Zadar 2014}) 8. b3 a6 $146 ({Predecessor:} 8... Nd7 9. Nxc5 dxc5 10. O-O g5 11. Bb2 Qe7 12. c3 O-O-O 13. Qe2 Nf8 14. Rfd1 Bg4 15. h3 Bh5 16. a3 Ne6 17. b4 Rhe8 18. Qe3 g4 19. hxg4 Bxg4 {1-0 (19) Seul,G (2445)-Bakhmatov,E (2261) Fuerth 1999}) 9. Nxc5 {White has an edge.} dxc5 10. Bb2 Qd6 11. Qd2 (11. Nxe5 $5 Nxe5 12. f4 $16) 11... O-O-O 12. Qc3 {[%cal Rf3e5]} Nd7 13. h3 f6 14. O-O-O g5 15. Qd2 Nf8 16. Qe3 Rh7 17. Kb1 Rhd7 18. Nd2 $36 {[%mdl 2048] White is pushing.} b5 19. Bf3 Kb7 20. Bg4 Nd4 21. Nf3 Qb6 ({Black should try} 21... a5 $11) 22. Nxd4 $1 $14 cxd4 23. Qf3 Nh7 24. h4 Nf8 25. hxg5 Bxg4 26. Qxg4 hxg5 27. Rh6 Rd6 28. Qh5 ({Better is} 28. f4 $14) 28... Qc5 29. Qf7 Rc6 30. Rd2 {[%cal Bd1d2,Bd2h2,Bh2h7][%mdl 32]} Nd7 31. f3 Kc8 32. a3 Rf8 33. Qg7 Re6 34. Rdh2 Qd6 35. Bc1 a5 {[%cal Ba6a5,Ba5a4][%mdl 32]} 36. Rh7 Rd8 37. Rh8 Ree8 38. Rxe8 Rxe8 39. Rh7 Qe6 40. Bd2 a4 $1 {[%cal Ra4b3]} 41. b4 Rg8 42. Qh6 Nf8 43. Rh8 Rxh8 $1 44. Qxh8 Qd6 45. Qh6 Nd7 46. Qg6 Qf8 47. Kb2 Kb7 48. Qh5 Qg8 49. Qg4 Qf7 50. Qf5 {Threatening Bxg5!} Qe7 51. Qg6 Nf8 52. Qg8 Ne6 53. Qg6 Nf8 54. Qh5 Ne6 {[#]} 55. f4 $1 {[%mdl 512]} gxf4 (55... exf4 56. gxf4) 56. gxf4 Nf8 57. f5 Nd7 58. Qh8 Qd6 59. Qg8 Nb6 60. Qf7 Qc6 61. Kb1 Nd7 62. Be1 Qd6 63. Bh4 Kb6 64. Qe6 Kc6 65. Kc1 Kb7 66. Kd1 Qc6 67. Be1 Nf8 68. Qf7 Nd7 69. Bd2 Nb6 70. Qe7 Nd7 71. Qe6 Nb6 72. Qf7 Nd7 73. Bh6 Qd6 74. Qe6 Qc6 75. Bg7 Qd6 76. Bh6 Qc6 77. Bc1 Nf8 78. Qe7 Nd7 79. Bd2 Nb6 80. Qf7 Nd7 81. Ke2 Nb6 82. Qa2 Qe8 83. Kd1 Qh5+ 84. Kc1 Qe8 85. Kb2 Qc6 86. Qf7 Nd7 87. c3 dxc3+ {The position is equal.} 88. Bxc3 Nb6 89. Kc2 Nd7 90. Kd2 Nb6 91. Qe7 Qd6 92. Qxd6 {Precision: White = 65%, Black = 60%.} 1/2-1/2

[Event "1. Bamberg-Open 2018"]
[Site "Bamberg"]
[Date "2018.05.13"]
[Round "7"]
[White "Pribyl, Josef"]
[Black "Tong, Kevin"]
[Result "1/2-1/2"]
[WhiteElo "2268"]
[BlackElo "2158"]
[Annotator "TA"]
[PlyCount "114"]
[EventDate "2018.??.??"]
[EventType "swiss"]
[EventCountry "GER"]
[SourceTitle "playchess.com"]
[Source "ChessBase"]
[SourceQuality "1"]

{[%evp 19,114,-12,8,7,18,-8,0,0,0,-1,5,0,23,9,10,6,7,7,14,0,7,7,21,17,36,29,27,29,29,29,31,32,37,32,120,35,35,35,44,42,54,43,54,54,54,54,58,54,60,48,48,51,55,52,53,28,77,18,64,30,105,105,161,161,161,161,180,180,180,180,320,180,206,180,424,377,314,315,464,180,180,161,161,161,161,161,161,161,180,136,136,136,143,131,131,131,131]} 1. c4 Nf6 2. Nf3 c6 3. b3 d5 4. g3 Bg4 5. Bg2 e6 6. Bb2 Nbd7 7. O-O Bd6 8. d3 O-O 9. Nbd2 Qe7 10. Qc2 Ba3 {LiveBook: 7 Games. A12: English Opening: 1...c6 with b3 by White} 11. h3 {[#] And now Bxa3 would win.} Bh5 12. Rfe1 Rfd8 {The position is equal.} 13. Rab1 $146 ({Predecessor:} 13. g4 Bg6 14. Nh4 a5 15. f4 a4 16. Rab1 axb3 17. axb3 Bxb2 18. Qxb2 {0-1 (28) Prost,F (2087)-Horvath,J (2538) Vaujany 2015}) 13... Bxb2 14. Qxb2 a5 15. a3 Ra6 16. d4 Bg6 17. Ra1 h6 18. e3 Ra7 19. c5 Ne4 20. b4 Nxd2 21. Nxd2 axb4 22. axb4 Rda8 23. Rxa7 Rxa7 24. Ra1 Rxa1+ 25. Qxa1 Qd8 26. Bf1 b5 (26... Qc8 $14) 27. f4 (27. Qa6 $16 Qc7 28. Nb3) 27... Qc8 $14 28. Qa7 Bc2 29. Be2 Kf8 30. Kf1 Ke8 31. Ke1 Kd8 32. h4 Qc7 33. Qa2 Bh7 34. Nb3 Qb7 35. g4 Ke7 36. Nd2 Nf6 37. g5 hxg5 38. hxg5 ({Better is} 38. fxg5 $16 Nd7 39. Kd1) 38... Nd7 39. Kf2 f5 (39... Nb8 $11 {remains equal.}) 40. Nf3 g6 (40... Bg6 $16) 41. Qa1 Kf7 42. Nd2 Kf8 43. Nb3 Kf7 44. Ke1 Ke7 (44... Nb8 {is a better defense.} 45. Qa5 Ke7) 45. Kd2 (45. Na5 $142 Qc8 46. Bd3) 45... Kf7 46. Kc3 Kf8 $2 (46... Nb8 47. Qa5 Ke7) 47. Na5 $18 Qa8 48. Kb2 Nb8 (48... Ke7 $142 49. Qh1 Bg8) 49. Kb3 $2 (49. Nxc6 Qxa1+ 50. Kxa1 Nxc6 51. Bxb5) 49... Qa6 {White is clearly better.} 50. Qa3 {[#] aiming for Nxc6!} Bg8 51. Qc1 Bf7 52. Qh1 Kg8 53. Kb2 Be8 54. Bd1 Qa7 55. Bc2 Qh7 56. Qxh7+ Kxh7 57. Nb7 Kg7 {Precision: White = 55%, Black = 33%.} 1/2-1/2